[Event "BCF-chT4S 1920 (4NCL)"]
[Site "England"]
[Date "2020.02.08"]
[Round "5.101"]
[White "Spanton, Timothy"]
[Black "Cheung, Ryan"]
[Result "1-0"]
[WhiteElo "1854"]
[BlackElo "1681"]
[PlyCount "245"]
[EventDate "2019.11.09"]
[EventType "team-swiss"]
[EventRounds "11"]
[EventCountry "ENG"]
[SourceTitle "EXT 2022"]
[Source "ChessBase"]
[SourceDate "2021.10.06"]
[SourceVersion "1"]
[SourceVersionDate "2021.10.06"]
[SourceQuality "1"]
[WhiteTeam "Wessex III"]
[BlackTeam "West is Best III"]
[WhiteTeamCountry "ENG"]
[BlackTeamCountry "WLS"]

1. e4 e5 2. Nf3 Nc6 3. Bb5 a6 4. Bxc6 dxc6 5. d4 exd4 6. Qxd4 Qxd4 7. Nxd4 Bd7 8. Be3 0-0-0 9. Nd2 Ne7 10. f3 c5 11. N4b3 b6 12. a4 Nc6 13. Ke2 Be6 14. c3 f5 15. exf5 Bxf5 16. Ne4 h6 17. Rad1 Be7 18. Rxd8+ Rxd8 19. Rd1 Ne5 20. Rxd8+ Kxd8 21. Nbd2 Be6 22. Bf4 Nc4 23. b3 Nxd2 24. Nxd2 a5 25. Be5 g6 26. c4 Bd6 27. Bf6+ Kd7 28. g3 Bf5 29. Ne4 Ke6 30. Bc3 h5 31. Ke3 Be5 32. Bxe5 Kxe5 33. f4+ Ke6 34. Nd2 Bc2 35. h3 Kf5 36. Ke2 g5 37. fxg5 Kxg5 38. Kf3 Bf5 39. Ne4+ Kg6 40. g4 Bd7 41. gxh5+ Kh6 42. h4 Bh3 43. Ng3 Bd7 44. Kf4 c6 45. Ke5 Bg4 46. Kd6 Bf3 47. Kc7 b5 48. cxb5 cxb5 49. axb5 c4 50. bxc4 a4 51. Nf5+ Kxh5 52. Nd4 Bd1 53. b6 a3 54. b7 a2 55. b8Q a1Q 56. Qh8+ Kg4 57. Qg7+ Kh3 58. Qd7+ Bg4 59. Qd5 Kxh4 60. Nb5 Qg7+ 61. Kb6 Qf6+ 62. Nd6 Qb2+ 63. Kc5 Qa3+ 64. Kd4 Qb2+ 65. Kc5 Qa3+ 66. Kb6 Bf3 67. Qd4+ Kh3 68. Nb5 Qa8 69. Qd7+ Kg2 70. Qc7 Qf8 71. c5 Qf6+ 72. Qd6 Qg5 73. Nd4 Bg4 74. c6 Qc1 75. Qd5+ Kh3 76. c7 Qb2+ 77. Nb5 Qf2+ 78. Qd4 Qf5 79. Nd6 Qb1+ 80. Ka7 Qa2+ 81. Kb8 Qb3+ 82. Nb7 Qg3 83. Qh8+ Kg2 84. Qb2+ Kg1 85. Qb6+ Kg2 86. Nd6 Qh3 87. Qb2+ Kg1 88. Ne4 Qf3 89. Qd4+ Kg2 90. Qd2+ Kg1 91. Qb4 Qf4 92. Qb1+ Kg2 93. Qb2+ Kf3 94. Nf6 Bf5 95. Qc3+ Kf2 96. Nd5 Qf3 97. Qd2+ Kg3 98. Qe1+ Kg4 99. Ne3+ Kf4 100. Nxf5 Qb3+ 101. Kc8 Kxf5 102. Qe8 Qb6 103. Qe7 Kf4 104. Kd7 Qb5+ 105. Kd8 Qd5+ 106. Ke8 Qa8+ 107. Kf7 Qd5+ 108. Kg6 Qg2+ 109. Kh7 Qh3+ 110. Kg8 Qg4+ 111. Kf8 Qc8+ 112. Kf7 Kf3 113. Qd8 Qb7 114. Qd7 Qb3+ 115. Kf8 Qb4+ 116. Qe7 Qb7 117. Kg7 Kg3 118. Qe5+ Kf3 119. Kg6 Kg2 120. Kg5 Qc8 121. Qe4+ Kg3 122. Qf4+ Kh3 123. Qh4+ 1-0

[Event "West Wales op"]
[Site "Swansea"]
[Date "2019.10.13"]
[Round "4"]
[White "Cheung, Ryan"]
[Black "Jones, Ian Robert"]
[Result "1/2-1/2"]
[WhiteElo "1642"]
[BlackElo "1975"]
[PlyCount "66"]
[EventDate "2019.10.11"]
[EventType "swiss"]
[EventRounds "5"]
[EventCountry "WLS"]
[SourceTitle "EXT 2022"]
[Source "ChessBase"]
[SourceDate "2021.10.06"]
[SourceVersion "1"]
[SourceVersionDate "2021.10.06"]
[SourceQuality "1"]

1. d4 d6 2. e4 Nf6 3. Bd3 e5 4. Nf3 exd4 5. Nxd4 Nc6 6. Nxc6 bxc6 7. h3 Be7 8. 0-0 0-0 9. Nc3 Re8 10. Bf4 Bf8 11. Re1 Nd7 12. Ne2 Nc5 13. Nd4 Qf6 14. Be3 Nxd3 15. Qxd3 Bd7 16. c3 Rab8 17. b3 c5 18. Nf5 a5 19. Bd2 a4 20. b4 cxb4 21. cxb4 Bb5 22. Qf3 Qe6 23. Bc3 Bc4 24. a3 Qg6 25. Re3 Be7 26. h4 Bf6 27. h5 Qg5 28. Rae1 Bxc3 29. Rxc3 d5 30. Rce3 dxe4 31. Rxe4 Rxe4 32. Qxe4 Be6 33. Ng3 g6 1/2-1/2

[Event "GBR-ch Soanes op 106th"]
[Site "Torquay"]
[Date "2019.07.27"]
[Round "2"]
[White "Gartside, Carl"]
[Black "Cheung, Ryan"]
[Result "1-0"]
[WhiteElo "1776"]
[BlackElo "1627"]
[PlyCount "70"]
[EventDate "2019.07.26"]
[EventType "swiss"]
[EventRounds "5"]
[EventCountry "ENG"]
[SourceTitle "EXT 2021"]
[Source "ChessBase"]
[SourceDate "2020.10.23"]
[SourceVersion "1"]
[SourceVersionDate "2020.10.23"]
[SourceQuality "1"]

1. d4 d5 2. c4 c6 3. Nf3 Nf6 4. Qc2 dxc4 5. e4 b5 6. b3 cxb3 7. axb3 Bb7 8. Bd2 Nbd7 9. Ba5 Nb6 10. Bd3 e6 11. 0-0 Be7 12. Nbd2 h6 13. Rfc1 Rc8 14. Nf1 0-0 15. Ng3 Qd7 16. Bc3 a6 17. Qb2 c5 18. dxc5 Rxc5 19. Rd1 Rcc8 20. Bxf6 gxf6 21. Nh5 e5 22. Nxe5 Qe6 23. Nf3 Nd7 24. Qd2 Rfe8 25. Nd4 Qg4 26. Be2 Qg6 27. Nf4 Qg5 28. Nf3 Qg4 29. h3 Qg7 30. Qxd7 Bxe4 31. Rxa6 Bc2 32. Rc1 Rcd8 33. Qxb5 Rb8 34. Rb6 Rbc8 35. Rxc2 Ra8 1-0

[Event "GBR-ch Soanes op 106th"]
[Site "Torquay"]
[Date "2019.07.26"]
[Round "1"]
[White "Cheung, Ryan"]
[Black "Reyes, Craig1111"]
[Result "1-0"]
[WhiteElo "1627"]
[BlackElo "1256"]
[PlyCount "91"]
[EventDate "2019.07.26"]
[EventType "swiss"]
[EventRounds "5"]
[EventCountry "ENG"]
[SourceTitle "EXT 2021"]
[Source "ChessBase"]
[SourceDate "2020.10.23"]
[SourceVersion "1"]
[SourceVersionDate "2020.10.23"]
[SourceQuality "1"]

1. d4 f5 2. g3 Nf6 3. Bg2 e6 4. c4 Be7 5. Nf3 0-0 6. 0-0 Qe8 7. Nc3 d6 8. Qc2 Nc6 9. e4 e5 10. dxe5 dxe5 11. exf5 Nd4 12. Nxd4 exd4 13. Nd5 Nxd5 14. Bxd5+ Kh8 15. g4 c6 16. Bg2 Qd8 17. Qd3 Rb8 18. Bf4 Ra8 19. Be5 c5 20. f4 Bf6 21. Rf3 Bxe5 22. fxe5 Bd7 23. Rh3 Qg5 24. e6 Bc6 25. Bxc6 bxc6 26. Qe4 Rab8 27. b3 Qf6 28. Re1 Rfe8 29. Qxc6 Rbd8 30. Qe4 h6 31. Rd1 a5 32. Qf4 g5 33. Qc7 d3 34. Rhxd3 Rxd3 35. Rxd3 Qa1+ 36. Kf2 Qxa2+ 37. Ke3 Qb2 38. Qxc5 Qc1+ 39. Ke2 Qc2+ 40. Rd2 Qe4+ 41. Qe3 Qxg4+ 42. Qf3 Qxf3+ 43. Kxf3 Kg7 44. Ke4 Kf6 45. Rd7 h5 46. Rf7# 1-0

[Event "South Wales Challengers"]
[Site "Bridgend"]
[Date "2019.07.09"]
[Round "4"]
[White "Cheung, Ryan"]
[Black "Davies, Gareth"]
[Result "1-0"]
[WhiteElo "1597"]
[BlackElo "1305"]
[PlyCount "79"]
[EventDate "2019.07.07"]
[EventType "swiss"]
[EventRounds "6"]
[EventCountry "WLS"]
[SourceTitle "EXT 2020"]
[Source "ChessBase"]
[SourceDate "2019.10.17"]
[SourceVersion "1"]
[SourceVersionDate "2019.10.17"]
[SourceQuality "1"]

1. d4 d5 2. c4 e6 3. Nf3 Nf6 4. g3 dxc4 5. Bg2 c6 6. Ne5 Be7 7. 0-0 0-0 8. Nxc4 Nbd7 9. Nc3 Nd5 10. e4 Nxc3 11. bxc3 Nb6 12. Ne3 f5 13. Qc2 f4 14. gxf4 Rxf4 15. Nf5 Rg4 16. Nxe7+ Qxe7 17. Qe2 e5 18. Kh1 Rg6 19. Rg1 Bg4 20. Qe3 Nc4 21. Qd3 b5 22. a4 Rd8 23. axb5 cxb5 24. d5 Qc7 25. Be3 Nxe3 26. Qxe3 a6 27. Bh3 Bxh3 28. Rxg6 hxg6 29. Qxh3 Rd6 30. Qg3 Rf6 31. Qe3 Qb6 32. Qxb6 Rxb6 33. Kg2 Kf7 34. Kf3 Ke7 35. Ke3 Kd7 36. f4 Kd6 37. fxe5+ Kxe5 38. Rg1 Rf6 39. Rg5+ Kd6 40. e5+ 1-0

[Event "London Classic U1825 op 10th"]
[Site "London"]
[Date "2018.12.16"]
[Round "5"]
[White "Chan, Sheng Liang Bernard"]
[Black "Cheung, Ryan"]
[Result "1-0"]
[WhiteElo "1745"]
[BlackElo "1633"]
[PlyCount "95"]
[EventDate "2018.12.14"]
[EventType "swiss"]
[EventRounds "5"]
[EventCountry "ENG"]
[SourceTitle "CBM 187 Extra"]
[Source "ChessBase"]
[SourceDate "2018.11.04"]
[SourceVersion "1"]
[SourceVersionDate "2018.11.04"]
[SourceQuality "1"]

1. d4 d5 2. Nf3 Nf6 3. Bf4 c5 4. c3 Nc6 5. dxc5 a5 6. e3 e6 7. c4 Bxc5 8. Nc3 Bb4 9. a3 Bxc3+ 10. bxc3 h6 11. h3 0-0 12. Be2 Qe7 13. 0-0 Rd8 14. Qc2 dxc4 15. Bxc4 e5 16. Bg3 Be6 17. Bb5 Bd5 18. Bxc6 Bxc6 19. Nxe5 Be4 20. Qb3 Rac8 21. Rfd1 Rxd1+ 22. Rxd1 Rc5 23. f3 Bd5 24. Qb2 Nh5 25. Bh2 Qg5 26. Qd2 f6 27. Nd7 Bxf3 28. Nxc5 Bxd1 29. Ne6 Qf5 30. Qxd1 Qxe6 31. Qxh5 Qxe3+ 32. Kh1 Qc1+ 33. Bg1 Qxa3 34. Qd5+ Kh8 35. Qc5 Qa2 36. Qc8+ Kh7 37. Qxb7 a4 38. Qe4+ Kg8 39. Kh2 Qb3 40. Qb4 Qc2 41. Bc5 h5 42. Bd6 Qd2 43. Qd4 Qb2 44. Qd5+ Kh8 45. Qxh5+ Kg8 46. Qd5+ Kh7 47. c4 a3 48. Qd3+ 1-0

[Event "London Classic U1825 op 10th"]
[Site "London"]
[Date "2018.12.15"]
[Round "3"]
[White "McClatchey, Rob"]
[Black "Cheung, Ryan"]
[Result "0-1"]
[WhiteElo "1757"]
[BlackElo "1633"]
[PlyCount "130"]
[EventDate "2018.12.14"]
[EventType "swiss"]
[EventRounds "5"]
[EventCountry "ENG"]
[SourceTitle "CBM 187 Extra"]
[Source "ChessBase"]
[SourceDate "2018.11.04"]
[SourceVersion "1"]
[SourceVersionDate "2018.11.04"]
[SourceQuality "1"]

1. e4 e5 2. d4 exd4 3. Bc4 Nc6 4. Nf3 Nf6 5. e5 d5 6. Bb5 Ne4 7. Nxd4 Bd7 8. Bxc6 bxc6 9. 0-0 Bc5 10. f3 Ng5 11. f4 Ne4 12. Nc3 Nxc3 13. bxc3 0-0 14. Qh5 f6 15. e6 Bxe6 16. f5 Bd7 17. Kh1 Qe8 18. Qg4 Qe4 19. Qxe4 dxe4 20. Be3 Bd6 21. Rab1 Rfb8 22. g4 a5 23. Nb3 Rb7 24. Nc5 Bxc5 25. Bxc5 Rab8 26. Rb3 Rb5 27. Rfb1 Re8 28. Rxb5 cxb5 29. Be3 g6 30. fxg6 hxg6 31. h3 Kf7 32. Kg2 c6 33. Kg3 g5 34. Rf1 Ke6 35. Bd4 Rf8 36. Be3 Rf7 37. a3 Ke7 38. Bc5+ Ke8 39. Be3 Be6 40. Rf2 Kf8 41. Rd2 Bd5 42. Rf2 Kg7 43. Rf5 Kg6 44. Rf2 f5 45. gxf5+ Rxf5 46. Rxf5 Kxf5 47. h4 gxh4+ 48. Kxh4 Ba2 49. Kg3 Bb1 50. Kf2 Bxc2 51. Ke2 Ke5 52. Kd2 Bb3 53. Bb6 a4 54. Bc5 Kd5 55. Bd4 Kc4 56. Be5 Ba2 57. Kc2 e3 58. Bg3 Bb3+ 59. Kb2 Kd3 60. Be1 Ke2 61. Bg3 Kd1 62. Bh4 e2 63. Bg3 e1Q 64. Bxe1 Kxe1 65. Kc1 Ke2 0-1

[Event "London Classic op"]
[Site "London"]
[Date "2017.12.09"]
[Round "9"]
[White "Cheung, Ryan"]
[Black "Lie, Terje"]
[Result "1-0"]
[WhiteElo "1610"]
[BlackElo "1527"]
[PlyCount "107"]
[EventDate "2017.12.02"]
[EventType "swiss"]
[EventRounds "9"]
[EventCountry "ENG"]
[SourceTitle "CBM 182 Extra"]
[Source "ChessBase"]
[SourceDate "2018.02.23"]
[SourceVersion "1"]
[SourceVersionDate "2018.02.23"]
[SourceQuality "1"]

1. e4 g6 2. d4 d6 3. c4 Nf6 4. Nc3 Bg7 5. Nf3 Bg4 6. Be2 0-0 7. 0-0 c5 8. d5 Nbd7 9. Nd2 Bxe2 10. Qxe2 Nb6 11. f4 Nfd7 12. Nf3 e5 13. f5 Nf6 14. b3 Qd7 15. fxg6 fxg6 16. Ng5 Nh5 17. Rxf8+ Rxf8 18. Ne6 Rf7 19. Nxg7 Kxg7 20. Be3 Nf4 21. Qd2 Qg4 22. Bxf4 Rxf4 23. Rf1 g5 24. Rxf4 gxf4 25. Qf2 Nc8 26. Qf3 Qh4 27. Qf2 Qh6 28. Qf3 Qg6 29. g3 h5 30. Kf2 fxg3+ 31. Qxg3 a6 32. Nd1 Kh6 33. Nc3 Qf6+ 34. Qf3 Qh4+ 35. Qg3 Qf4+ 36. Qxf4+ exf4 37. h4 Ne7 38. Kf3 Ng6 39. Ne2 Nxh4+ 40. Kxf4 Kg6 41. e5 Nf5 42. exd6 Kf6 43. d7 Ke7 44. d8Q+ Kxd8 45. Kxf5 Kd7 46. Kg5 b5 47. Kxh5 Kd6 48. Kg5 Ke5 49. Kg6 a5 50. Kf7 Kd6 51. Nc3 bxc4 52. bxc4 Kd7 53. a4 Kd6 54. Ne4+ 1-0